| 000 | 00934nam a2200217 i 4500 | ||
|---|---|---|---|
| 001 | 166728 | ||
| 003 | ES-MaACL | ||
| 005 | 20250727034612.0 | ||
| 008 | 010725s1900 fr |||| | fre d | ||
| 040 |
_aCCPB | B _bspa _cCCPB | B |
||
| 080 | _a272:364.61 | ||
| 100 | 1 |
_aTurmann, Max. _9111715 |
|
| 245 | 1 | 3 |
_aLe développement du catholicisme social depuis l'Éncyclique "Rerum novarum (15 mai 1891)" _b: idées directrices et caractères généraux / _cpar Max Turmann. |
| 260 |
_aParis : _bFélix Alcan, éditeur, ancienne Librairie Germen Baillière et Cie., _c1900 ( _fTyp. Chamerot et Renouard) |
||
| 300 |
_aIII, 334 p. ; _c22 cm. |
||
| 490 | 1 |
_aBibliothèque générale des sciences sociales ; _v8 |
|
| 650 | 7 |
_aIglesia y problemas sociales _2embne _913569 |
|
| 830 | 0 | 0 |
_aBibliothèque générale des sciences sociales _v8 _9187778 |
| 852 |
_aES-MaACL _jC-23088 _z- Enc. ed. en tela |
||
| 999 |
_c166728 _d166728 |
||